00361nam a2200121 a 4500001000500000005001700005008004100022050002200063100002300085245004300108260006300151650002500214414020140414131846.0090218s19uu xx 00 eng d aM 220.9bL33 1998 aLashbrook, Marilyn aI don't want to :bthe story of Jonah. aEl Reno, Oklahoma :bRainbow Studies International,c1998. aBible stories, O. T.